• 首页
  • 本馆介绍
  • 公告通知
  • 最新文献
  • 馆藏检索
  • 电子资源
  • 读者导购
  • 参考咨询
  • 我的图书馆
  • 登录
  • 详细信息显示
  • 放入我的书架
  • 预约/预借图书
  • 作者相关作品
  • 分类相关作品
  • 丛书相关作品
  • 出版社相关作品

书目信息

  • 表格格式
  • 工作单格式
  • 卡片格式
题名:
世界100自然奇景
    
 
作者: 《世界100自然奇景》编委会编
分册:  
出版信息: 长春   吉林出版集团有限责任公司  2007
页数: 222页
开本: 24cm
丛书名: 图说天下:国家地理系列
单 册:
中图分类: P941-49
科图分类:
主题词: 自然地理 , 自然地理--世界--普及读物
电子资源:
ISBN: 7-80720-632-2
000 00832oam2 2200241 450
001 003344644
005 20070801172830.75
010    @a7-80720-632-2@dCNY19.80
100    @a20070104d2007 em y0chiy0110 ea
101 0  @achi
102    @aCN@b220000
105    @aa z 000yy
200 1  @a世界100自然奇景@9shi jie 100 zi ran qi jing@f《世界100自然奇景》编委会编
210    @a长春@c吉林出版集团有限责任公司@d2007
215    @a222页@c彩图@d24cm
225 2  @a图说天下:国家地理系列
330    @a本书以地理为线索,选用一流的精美图片全面的展现了全球七大洲100处最具有代表性的奇特景观,每一处景观都带有鲜明的特点,使人们震撼于自然造物的神奇。
461  0 @12001 @a图说天下:国家地理系列
606 0  @a自然地理
606 0  @a自然地理@y世界@j普及读物
690    @aP941-49@v4
801  0 @aCN@bNLC@c20070801
905    @a10447@dP941-49@e113
    
    世界100自然奇景/《世界100自然奇景》编委会编.-长春:吉林出版集团有限责任公司,2007
    222页:彩图;24cm.-(图说天下:国家地理系列)
    
    
    ISBN 7-80720-632-2:CNY19.80
    本书以地理为线索,选用一流的精美图片全面的展现了全球七大洲100处最具有代表性的奇特景观,每一处景观都带有鲜明的特点,使人们震撼于自然造物的神奇。
●
相关链接 在E读中查询图书 在五车中查询图书 在当当中查询图书 在豆瓣中查询图书


正题名:世界100自然奇景     索取号:P941-49/113         预约/预借

序号 登录号 条形码 馆藏地/架位号 状态 备注
1 0800142   208001428   第二样本阅览室/ [索取号:P941-49/113] 在馆    
2 0800143   208001437   第三借阅区/ [索取号:P941-49/113] 在馆    
3 0800144   208001446   第三借阅区/ [索取号:P941-49/113] 在馆    
4 0800145   208001455   第三借阅区/ [索取号:P941-49/113] 在馆    
5 0800146   208001464   第三借阅区/ [索取号:P941-49/113] 在馆    
6 0800147   208001473   第三借阅区/ [索取号:P941-49/113] 在馆    
7 0800148   208001482   第三借阅区/ [索取号:P941-49/113] 在馆    
8 0800149   208001491   第三借阅区/ [索取号:P941-49/113] 在馆    
9 0800150   208001507   第三借阅区/ [索取号:P941-49/113] 在馆    
10 0800151   208001516   第三借阅区/ [索取号:P941-49/113] 在馆    
唐山师范学院图书馆 欢迎您!
大连网信软件有限公司© 版权所有